000 00530nam a2200169Ia 4500
003 GCL
008 140319s9999 xx 000 0 ara d
040 _aGCL /
_cGCL
082 0 4 _aم
_b017.5
_bم ف
100 1 _aمحمد مطيع الحافظ
245 1 0 _aفهرس مخطوطات دار الكتب الظاهرية : الفقه الحنفى /
_cمحمد مطيع الحافظ
490 _a
650 0 4 _aالمخطوطات العربية
650 0 4 _aالفقه الحنفى
650 0 4 _aالفهارس
942 _2ddc
_cBK
999 _c46404
_d46404